Six cousins at mistletoe farm/ (Record no. 550194)

000 -LEADER
fixed length control field 00378nam a22001457a 4500
020 ## - INTERNATIONAL STANDARD BOOK NUMBER
International Standard Book Number 0861635485
082 ## - DEWEY DECIMAL CLASSIFICATION NUMBER
Classification number 808.068
Author Mark PAP
100 ## - MAIN ENTRY--PERSONAL NAME
Personal name Gnid Blyton.
9 (RLIN) 46914
245 ## - TITLE STATEMENT
Title Six cousins at mistletoe farm/
Remainder of title Blyton,Gnid .
260 ## - PUBLICATION, DISTRIBUTION, ETC.
Place of publication, distribution, etc. London:
Name of publisher, distributor, etc. Hungary.
Date of publication, distribution, etc. 1948.
300 ## - PHYSICAL DESCRIPTION
Extent p184.
Other physical details ill.
526 ## - STUDY PROGRAM INFORMATION NOTE
Program name 0
Interest level 0
Reading level 0
Title point value 808_068000000000000_PAP
650 ## - SUBJECT ADDED ENTRY--TOPICAL TERM
Topical term or geographic name entry element MCE
9 (RLIN) 379
942 ## - ADDED ENTRY ELEMENTS (KOHA)
Source of classification or shelving scheme
Koha item type Book
Holdings
Withdrawn status Lost status Source of classification or shelving scheme Damaged status Not for loan Permanent Location Current Location Date acquired Total Checkouts Full call number Barcode Date last seen Price effective from Koha item type
          Military College of Engineering (MCE) Military College of Engineering (MCE) 10/27/2014   808.068 PAP MCE-44382 10/27/2014 10/27/2014 Book
© 2023 Central Library, National University of Sciences and Technology. All Rights Reserved.